Normal view
MARC view
- Persatuan Perkhidmatan Tadbir dan Diplomatik
Entry Corporate Name
001 - CONTROL NUMBER
- control field: 4110
003 - CONTROL NUMBER IDENTIFIER
- control field: OSt
005 - DATE AND TIME OF LATEST TRANSACTION
- control field: 20170512160903.0
008 - FIXED-LENGTH DATA ELEMENTS
- fixed length control field: 170512|| aca||aabn | a|a d
040 ## - CATALOGING SOURCE
- Original cataloging agency: OSt
- Transcribing agency: OSt
110 ## - HEADING--CORPORATE NAME
- Corporate name or jurisdiction name as entry element: Persatuan Perkhidmatan Tadbir dan Diplomatik
670 ## - SOURCE DATA FOUND
- Source citation: Work cat.: (OSt)0: Civil Service Conference (9th : 2005 : INTAN Bukit Kiara, Kuala Lumpur) 4104, Strengthening public service delivery :, 2005

PORTAL AKMAL
E-MEL JKDM
AKMAL2U
G-BAM
u-PUSTAKA